Every type of sound change in linguistics - Statistics

General Stats
  • This quiz has been taken 8 times
  • The average score is 13 of 52
Answer Stats
Hint Answer % Correct
Lenition Debuccalization
71%
Lenition Devoicing
57%
Transphonologization Nasalization
57%
Assimilation Palatalization
57%
Assimilation Velarization
57%
Elision Apheresis
43%
Elision Apocope
43%
Lenition Assibilation
43%
Assimilation Dissimilation
43%
Assimilation Labialization
43%
Sandhi Linking R
43%
Other types Betacism
29%
Other types Chain shift
29%
Lenition Consonant voicing
29%
Lenition Fortition
29%
Other types Fronting
29%
Sandhi Liaison
29%
Assimilation Metaphony
29%
Metathesis Quantitative metathesis
29%
Other types Rhotacism
29%
Lenition Spirantization
29%
Elision Syncope
29%
Sandhi Tone sandhi
29%
Epenthesis Vowel breaking
29%
Sandhi Vowel hiatus
29%
Other types Vowel shift
29%
Other types Affrication
14%
Other types Apophony
14%
Other types Clipping
14%
Elision Cluster reduction
14%
Assimilation Coarticulation
14%
Transphonologization Compensatory lengthening
14%
Other types Compensatory lengthening
14%
Lenition Consonant gradation
14%
Assimilation Consonant harmony
14%
Sandhi Consonant mutation
14%
Other types Consonant mutation
14%
Transphonologization Floating tone
14%
Assimilation Fusion
14%
Other types Gemination
14%
Elision Haplology
14%
Lenition L-vocalization
14%
Other types Merger
14%
Epenthesis Paragoge
14%
Epenthesis Prothesis
14%
Other types Raising
14%
Other types Rhinoglottophilia
14%
Other types Shm-reduplication
14%
Other types Sulcalization
14%
Transphonologization Tonogenesis
14%
Epenthesis Unpacking
14%
Assimilation Final-obstruent devoicing
0%
No matching quizzes found
Score Distribution
Percent of People with Each Score
Percentile by Number Answered
Your Score History
You have not taken this quiz